000 00781nam a2200229 a 4500
001 000399568
005 20250331185259.0
008 091007s2018 ck a fr 000 0 spa d
020 _a978958-5493-13-1
040 _aCO-CtgCURN
_bspa
_ccoctgcurn
082 0 4 _a658.8
_bH433
_221
100 1 _aHerrera Hoyos, Héctor Eloy.
245 1 0 _aPrincipios básicos en la elaboración de los planes de mercadeo /
_cHéctor Eloy Herrera Hoyos.
260 _aValledupar :
_bUnicesar,
_c2018.
300 _a173 paginas.
504 _aBibliografía : p.172-173.
650 1 7 _aAnálisis de mercado.
_2LEMB
650 1 7 _aMercadeo.
_2LEMB
650 1 7 _aPlanificacion del mercado.
_2LEMB
942 _2ddc
_cBK
_h658.8
_iH433
999 _c25176
_d25176